Hamilton - Guess the Song with No Hints #4 - Statistics

General Stats
  • This quiz has been taken 388 times
  • The average score is 80 of 137
Answer Stats
Lyrics % Correct
a
97%
A
97%
the
88%
do
82%
Yo,
82%
and
80%
And
80%
you
80%
Hamilton
78%
so
78%
to
78%
of
76%
on
75%
we
74%
Burr,
73%
or
73%
in
72%
How
70%
is
70%
Is
70%
it
70%
Be
69%
does
69%
son
69%
what
68%
Go
65%
are
64%
Washington
64%
bastard,
62%
not
62%
whore
62%
if
60%
if,
60%
orphan,
60%
have
59%
one?
59%
There
58%
We're
57%
right
56%
sister,
56%
with
56%
But
55%
ball
53%
which
53%
winter's
53%
her
52%
him
52%
him!
52%
Ladies!
52%
you're
52%
all
51%
common?
51%
more
51%
many
50%
Reliable
50%
this
50%
fight,
49%
hand
49%
Hey
49%
marry
49%
Schuyler
49%
sisters
49%
write
49%
after
48%
question
47%
could
46%
They
46%
wants
46%
deflower!
45%
into
45%
phenomenon?
45%
power
45%
at
44%
A Winter's Ball
44%
Proximity
44%
rich,
44%
still
44%
(That's
44%
envy
43%
father
43%
named
43%
true!)
43%
Grow
42%
sight
42%
Looks!
41%
tomcat
41%
hires
40%
1780
38%
feral
38%
Martha
38%
quill
36%
seated
36%
undeniable
36%
skill
35%
Watch
34%
arrogant,
33%
Hamilton's
31%
loudmouth
31%
Now
30%
obnoxious,
29%
bother
26%
delighted
23%
distracted
23%
No matching quizzes found
Score Distribution
Percent of People with Each Score
Percentile by Number Answered
Your Score History
You have not taken this quiz